000 00760nam a22001817a 4500
999 _c59240
_d59240
003 Ge_BSU
005 20221222163719.0
008 221222s1982ge xxu||||| |||| 00| 0 geo d
041 _ageo
080 _a821.353.1-31 კ-47
100 _aკვიცარიძე, დავით, ავტ.
_916533
245 _aმშვიდობით, უსიერო ტყეებო! :
_bრომანი /
_cდავით კვიცარიძე, რედ.თ. ლანჩავა
264 _aქუთაისი :
_bსაბჭ. საქართველო,
_c1982.
300 _a795 გვ. ;
_b21 სმ.
653 _aრომანი
700 _aლანჩავა, თ
_eრედაქტორი
_916534
942 _2udc
_cBK